LEADER 01152nam a2200265 a 4500 001 000000131310 003 CaOOAMICUS 005 20121114130251.0 008 121114s2012 it u000 u ita r 020 $a978-88-348-2757-4 040 $aPUL$bita 082 04$a323.01 245 00$aDiritti umani e soggetti vulnerabili :$bviolazioni, trasformazioni, aporie /$ca cura di Thomas Casadei. 260 $aTorino :$bGiappichelli,$c©2012. 300 $aXXI, 291 p. ;$c24 cm. 650 4$aDiritti umani$xTutela internazionale.$0(OLS)http://pul/subject/20165 700 1 $aCasadei, Thomas.$0(OLS)http://pul/name/84311 850 $aPUL 852 $aPUL$W1$xSL Diritto e Scienze Sociali 3$y79$m323. 01 CASTH 1$j151606$qDDC 21$q $B150502$CPULBib$Z2$F150502 $H121040 $81 941 1 $a9 996 $6020$a978-88-348-2757-4$9(OLS)http://pul/number/151014 996 $6082$a323.01$9(OLS)http://pul/classification/2397 996 $6245$aDiritti umani e soggetti vulnerabili :$bviolazioni, trasformazioni, aporie$9(OLS)http://pul/title/165871 996 $6260$aTorino :$bGiappichelli$9(OLS)http://pul/publisher/48244 LEADER 01115nam a2200265 a 4500 001 000000141873 003 CaOOAMICUS 005 20150218123127.0 008 150218s1975 it u000 u ita r 040 $aPUL$bita 245 00$aDalla cittą preindustriale alla cittą del capitalismo /$ca cura di Alberto Caracciolo. 260 $aBologna :$bIl Mulino,$c©1975. 300 $a321 p. ;$c21 cm 490 1 $aProblemi e prospettive. Serie di storia 504 $aBibliografia in nota. 650 4$aCittą$xStoria.$0(OLS)http://pul/subject/19511 700 1 $aCaracciolo, Alberto,$d1918-1990.$0(OLS)http://pul/name/10968 830 0$aProblemi e prospettive.$pSerie di storia.$0(OLS)http://pul/title/7756 850 $aPUL 852 $aPUL$W1$xDP1 Fondo Capitani$y116$m10 A 48$j163724$qFondi$B163758$CPULBib$Z2$F163758 $HCap1629 $82 941 1 $a1 961 $aNota ms. di possesso: Capitani. 996 $6245$aDalla cittą preindustriale alla cittą del capitalismo$9(OLS)http://pul/title/179578 996 $6260$aBologna :$bIl Mulino$9(OLS)http://pul/publisher/47928